The Mystery of the Pink Pearl (Record no. 675)
[ view plain ]
| 000 -LEADER | |
|---|---|
| fixed length control field | 003750000a22001690004500 |
| 001 - CONTROL NUMBER | |
| control field | 000675 |
| 003 - CONTROL NUMBER IDENTIFIER | |
| control field | MACL |
| 040 ## - CATALOGING SOURCE | |
| Original cataloging agency | MACL |
| 090 ## - LOCALLY ASSIGNED LC-TYPE CALL NUMBER (OCLC); LOCAL CALL NUMBER (RLIN) | |
| -- | 675 |
| -- | 675 |
| 100 ## - MAIN ENTRY--PERSONAL NAME | |
| Personal name | Ray, Satyajit |
| 245 ## - TITLE STATEMENT | |
| Title | The Mystery of the Pink Pearl |
| Remainder of title | The Final Feluda Stories |
| Statement of responsibility, etc. | Satyajit Ray |
| 260 ## - PUBLICATION, DISTRIBUTION, ETC. (IMPRINT) | |
| Place of publication, distribution, etc. | Penguin, |
| Date of publication, distribution, etc. | 1998 |
| 350 ## - PRICE (NR) (BK AM CF MU VM SE) [OBSOLETE] | |
| Price | 200 |
| 650 ## - SUBJECT ADDED ENTRY--TOPICAL TERM | |
| Topical term or geographic name as entry element | Fiction |
| 942 ## - ADDED ENTRY ELEMENTS (KOHA) | |
| Call number prefix | 823 |
| Koha item type | Library Membar |
| 951 ## - EQUIVALENCE OR CROSS-REFERENCE--GEOGRAPHIC NAME/AREA NAME [OBSOLETE] [CAN/MARC only] | |
| -- | 823 Book |
| Withdrawn status | Lost status | Source of classification or shelving scheme | Damaged status | Not for loan | Home library | Current library | Date acquired | Cost, normal purchase price | Total Checkouts | Full call number | Barcode | Date last seen | Date last checked out | Price effective from | Koha item type |
|---|---|---|---|---|---|---|---|---|---|---|---|---|---|---|---|
| MACL | MACL | 16/09/2015 | 200.00 | 2 | 823/RAY | CRE011457 | 02/05/2024 | 11/07/2023 | 16/09/2015 | Books |









